SGA Career Highs Against Each Team - Statistics

General Stats
  • This quiz has been taken 5 times
  • The average score is 8 of 10
Answer Stats
Points Team Date % Correct
52 Golden State Warriors 29th January, 2025
100%
45 Los Angeles Clippers 11th November, 2024
100%
48 Detroit Pistons 15th March, 2025
75%
47 Detroit Pistons 30th March, 2026
75%
51 Houston Rockets 3rd March, 2025
75%
50 Phoenix Suns 5th February, 2025
75%
54 Utah Jazz 22nd January, 2025
75%
46 Utah Jazz 7th January, 2026
75%
55 Indiana Pacers 23rd October, 2025
50%
47 Indiana Pacers 23rd January, 2026
50%
No matching quizzes found
Score Distribution
Percent of People with Each Score
Percentile by Number Answered
Your Score History
You have not taken this quiz